Sun Tzu : (Record no. 3453)

000 -LEADER
fixed length control field nam a22 a 4500
003 - CONTROL NUMBER IDENTIFIER
control field AKMAL
005 - DATE AND TIME OF LATEST TRANSACTION
control field 20200220123923.0
008 - FIXED-LENGTH DATA ELEMENTS--GENERAL INFORMATION
fixed length control field 170523s1997 my | e | 000 0 eng d
020 ## - INTERNATIONAL STANDARD BOOK NUMBER
International Standard Book Number 9679785955
020 ## - INTERNATIONAL STANDARD BOOK NUMBER
International Standard Book Number 9679785947 (pbk.)
039 #9 - LEVEL OF BIBLIOGRAPHIC CONTROL AND CODING DETAIL [OBSOLETE]
Level of rules in bibliographic description 201305311507
Level of effort used to assign nonsubject heading access points fadzli
Level of effort used to assign subject headings 201305171500
Level of effort used to assign classification fadzli
040 ## - CATALOGING SOURCE
Original cataloging agency AKMAL
Transcribing agency AKMAL
049 ## - LOCAL HOLDINGS (OCLC)
Holding library pmaklpmal
082 ## - DEWEY DECIMAL CLASSIFICATION NUMBER
Classification number 658.409 KHO
090 00 - LOCALLY ASSIGNED LC-TYPE CALL NUMBER (OCLC); LOCAL CALL NUMBER (RLIN)
Classification number (OCLC) (R) ; Classification number, CALL (RLIN) (NR) 658.409
Local cutter number (OCLC) ; Book number/undivided call number, CALL (RLIN) KHO
100 1# - MAIN ENTRY--PERSONAL NAME
Personal name Khoo, Kheng-Hor,
Dates associated with a name 1956-
9 (RLIN) 1421
245 10 - TITLE STATEMENT
Title Sun Tzu :
Remainder of title the keeper of CEOs' conscience /
Statement of responsibility, etc. Khoo Kheng-Hor
260 ## - PUBLICATION, DISTRIBUTION, ETC.
Place of publication, distribution, etc. Petaling Jaya :
Name of publisher, distributor, etc. Pelanduk Publications ,
Date of publication, distribution, etc. 1997
300 ## - PHYSICAL DESCRIPTION
Extent 144p. :
Other physical details ill. ;
Dimensions 22cm
500 ## - GENERAL NOTE
General note Includes index
500 ## - GENERAL NOTE
General note Koleksi Peribadi YABhg. Tun Ahmad Sarji (2100431)
650 ## - SUBJECT ADDED ENTRY--TOPICAL TERM
Topical term or geographic name entry element Chief executive officers
9 (RLIN) 6943
650 ## - SUBJECT ADDED ENTRY--TOPICAL TERM
Topical term or geographic name entry element Executives
9 (RLIN) 5963
942 ## - ADDED ENTRY ELEMENTS (KOHA)
Source of classification or shelving scheme
Koha item type Book
Holdings
Withdrawn status Lost status Source of classification or shelving scheme Damaged status Not for loan Collection code Home library Current library Date acquired Inventory number Total Checkouts Full call number Barcode Date last seen Price effective from Koha item type
          NON-FICTION AKMAL Melaka AKMAL Melaka 23.05.2017 001658   658.409 KHO 201704419 23.05.2017 23.05.2017 Book
          NON-FICTION AKMAL Melaka AKMAL Melaka 23.05.2017 011272   658.409 KHO 201707826 20.02.2020 23.05.2017 Book
Pusat Sumber Maklumat Dato' Haji Sarmin Md Hussin, Akademi Kastam Diraja Malaysia, Melaka
Tel: 06-2331106 | Faks: 06-2313787